000 01345nam a22002897i 4500
003 DO-SdBNP
005 20241110163407.0
007 ta
008 221025b2008 dr d|||| |||| 00| 0 spa d
020 _a9789945452075
040 _aDO-SdBNP
_bspa
_cBNPHU
_erda
082 4 _a338.16
_bB213p
_222
110 2 _aBanco Agrícola de la República Dominicana
_97210
245 0 0 _aPropuesta para la creación de un sistema que garantice el fomento y el financiamiento de la producción agropecuaria y forestal en la República Dominicana
264 _aSanto Domingo :
_bBanco Agrícola,
_c2008.
300 _a94 paginas. :
_bgraficas. ;
_c23 cm.
336 _2rdacontent
_atexto
_btxt
337 _2rdamedia
_asin mediación
_bn
338 _2rdacarrier
_avolumen
_bnc
505 _aSituación del financiamiento agropecuario 21|Desempeño histórico del Banco Agrícola 37|Antecedentes de reforma en el Banco Agrícola 59|Propuesta para la creación de un sistema que garantice el fomento y el financiamiento de la producción agropecuaria y forestal en la República Dominicana 64|Anexos 81
590 _aInventariado, 2022/BT
650 4 _aAgricultura
_zRepública Dominicana
_91568
650 4 _aCrédito agrícola
_zRepública Dominicana
650 4 _aPolítica agrícola
_zRepública Dominicana
_99553
910 _aBtavárez
942 _2ddc
_cLBS1
999 _c52640
_d52640